01745nam a22003617i 4500003000900000005001700009008004100026017001300067020001500080040004600095041000800141082002700149092000700176099003500183100005300218245010600271264008800377300003000465336002200495337002400517338003300541490004700574504010800621546010200729650009800831651001000929856005700939905000700996942001901003999001701022952017201039952017201211EG-GICUC20260121101529.0251220s1987    ua ||||fr|||| 00| 0 ara d  a19878096  a9770115916  a EG-GICUCbarac EG-GICUCd EG-GICUCerda  aara04221a343.64bم ح . ت04221  aLaw1 10	343.64 م ح . ت	19870 aمحي الدين احمد حسينeمؤلف.12aالتنشئة الاسرية والابناء الصغار /cمحي الدين احمد حسين. 1aالقاهرة : bالهيئة المصرية العامة للكتاب،c1987.  a263 ؛ صفحةc24 سم.  2rda contentatext  2rda mediaaComputer  2rda carrieraOnline Resource0 aالالف كتاب (الثاني) ؛v50.  aيحتوي على ارجاعات ببليوجرافية
يحتوي على قائمة بالمراجع  aالنص أغلبه باللغة العربية مع بعض النصوص الإنجليزية14aالعوامل الإجرامية المتعلقة بالبيئة الخارجية2qrmak1 2qrmak40uhttps://fll.law.cu.edu.eg/fulltext/bks/B10-07211.pdf  a75  2ddccBKe21n0  c52003d52003  00102ddc40718القانون الجنائيaCUbLAW1d2025-12-20l0oLaw1 10	343.64 م ح . ت	1987 1007211	C1pB10-07211r2025-12-20 17:10:33t1w2025-12-20yBK  00102ddc40708القانون الجنائيaCUbLAW1d2025-12-20l0oLaw1 10	343.64 م ح . ت	1987 1007212	C2pB10-07212r2025-12-20 17:10:56t2w2025-12-20yBK